00362nam a2200121Ia 4500008004100000082001500041100001800056245003900074260003800113300000900151630001800160650006200178211109s9999||||xx |||||||||||||| ||und|| a920bWAR-L aWard, Wilfrid 0aLIFE OF JOHN HENRY CARDINAL NEWMAN bUnknown PublisheraNo Placec2000 a654p xGeneral Stack aBiography, genealogy & insigniaxBiography- Autobiography